000 00230nam a2200097Ia 4500
008 190216s9999||||xx |||||||||||||| ||und||
100 _aKambaranatha Ayyar E
245 0 _aOutline Of Zoology
260 _bViswanathan S.
942 _cBK
999 _c37292
_d37292